000 00599nam a2200193 i 4500
001 34614
003 ES-MaACL
005 20250809040608.0
007 t|
008 030207s1911 sp ||||1| spa d
100 1 _aBonilla Marín, Gabriel.
_930185
245 1 0 _aNuevas tendencias y reformas en derecho privado
_b: tesis doctoral /
_cGabriel Bonilla Marín.
260 _aMadrid :
_b[s.n.],
_c1911 (
_fImp. La Editora)
300 _a37 p. ;
_c20 cm.
502 _aTesis doctoral.
650 0 7 _aDerecho civil
_2embne
_911656
852 _aES-MaACL
_jT-1310-F-2
999 _c34614
_d34614